Israelia lähimpänä olevat valtiot - Statistics

Yleistilastot
  • Tätä visaa on pelattu 1 088 kertaa
  • Keskiarvotulos 16 / 19
Vastaustilastot
km valtio % Oikein
906 Iran
96%
291 Irak
95%
16 Saudi-Arabia
95%
0 Syyria
95%
285 Turkki
95%
0 Egypti
93%
0 Jordania
92%
0 Libanon
91%
228 Kypros
90%
723 Kreikka
85%
1057 Georgia
81%
1047 Armenia
79%
1093 Kuwait
78%
1082 Azerbaidžan
77%
834 Libya
77%
1188 Venäjä
64%
833 Sudan
63%
1169 Bulgaria
61%
1314 Romania
49%
Ehtoja vastaavia visoja ei löytynyt
Tulosjakauma
Jokaisen tuloksen saaneiden osuus
Persentiili vastausten määrän mukaan
Tuloshistoriasi
Et ole pelannut tätä visaa